| 000 | 00935nam a22002297a 4500 | ||
|---|---|---|---|
| 999 |
_c17965 _d17965 |
||
| 003 | AR-CdUCM | ||
| 008 | 190510b ||||| |||| 00| 0 spa d | ||
| 040 |
_aMUNICIPALIDAD PROVINCIAL DEL CUSCO _cBIBLIOTECA MUNICIPAL DEL CUSCO |
||
| 082 |
_a519 / _bK66 |
||
| 100 |
_aKnopf, Otto _938252 |
||
| 245 | _aCalculo de probabilidades / | ||
| 260 |
_aMéxico : _bLabor, _c1956. |
||
| 300 |
_a230 páginas ; _c19 cm. |
||
| 440 |
_aManuales técnicos labor _n21 _938253 |
||
| 505 | _aContenido : Fundamentos del calculo de probabilidades -- Aplicaciones de las formulas de la teoría coordinatoria al calculo de la probabilidad -- La probabilidad de un acontecimiento deducida de las probabilidades de acontecimientos aislados ... | ||
| 650 |
_aProbabilidades _916891 |
||
| 650 |
_aCalculo _938254 |
||
| 650 |
_aMatemática _919387 |
||
| 700 |
_aCebrian, Francisco (Traducción) _938255 |
||
| 942 |
_2ddc _cLIBROS |
||
| 945 |
_arah _d10/05/2019 |
||